01269 a2200181 45000010006000000050017000060080041000230030015000640400040000790800151001192450081002700200018003512640075003693000024004445050456004681000019009248560144009432699720260407155547.0260407a2005 arg spa dAR-UNSa-BCEJYS aAR-UNSa-BCEJYSbspacAR-UNSa-BCEJYS a347.77xPropiedad industrial, comercial y científica. Derecho sobre patentes y marcas. Registro de modelos, planos, marcas y nombres comerciales10aPatentes de invenciónpdiez años de jurisprudencia, comentarios y fallos a987-03-0599-7 1aBuenos Aires :bUniversidad de Buenos Aires. Facultad de Derechoc2005 axvi, 399 p.c24 cm. a1. Introducción - 2. Patentes de reválida - 3. El plazo de duración de las patentes: prórroga de la protección a veinte años - 4. La mayor protección bajo el acuerdo sobre los ADPIC (artículo 70.7) - 5. Nulidad y caducidad - 6. Biotecnología - 7. Medidas cautelares - 8. Derechos exclusivos de comercialización - 9. El rol del acuerdo sobre los ADPIC y de la convención de Viena en los fallos "Unilever", "Pfizer" y "Karl Thomae"1 aKors, Jorge A.41uhttps://biblioeco.unsa.edu.ar/pmb/images/libros/Patentes de invencion diez a?os de jurisprudencia-l87983.jpgyImagen de portadaqimage/jpeg